[Event "Buenos Aires Duchamp Memorial op 4th"]
[Site "Buenos Aires"]
[Date "2012.10.31"]
[Round "9"]
[White "Burgin, Dario"]
[Black "Flynn, Mariano"]
[Result "0-1"]
[WhiteElo "1774"]
[BlackElo "2073"]
[PlyCount "96"]
[EventDate "2012.10.22"]
[EventType "swiss"]
[EventRounds "9"]
[EventCountry "ARG"]
[SourceTitle "EXT 2013"]
[Source "ChessBase"]
[SourceDate "2012.11.22"]
[SourceVersion "1"]
[SourceVersionDate "2012.11.22"]
[SourceQuality "1"]

1. e4 c5 2. Nc3 e6 3. f4 d5 4. Bb5+ Nc6 5. Bxc6+ bxc6 6. e5 Ne7 7. Nf3 Nf5 8. d3 Be7 9. 0-0 h5 10. Ng5 h4 11. Nh3 Ba6 12. b3 Qb6 13. Na4 Qc7 14. Ba3 Ne3 15. Qe2 Nxf1 16. Rxf1 c4 17. Bxe7 Qxe7 18. d4 Bb5 19. Nc3 Qb4 20. Nxb5 cxb5 21. f5 cxb3 22. fxe6 Qxd4+ 23. Kh1 0-0 24. e7 Rfe8 25. Qh5 g6 26. Qh6 Qxe5 27. axb3 Rxe7 28. Qxh4 Rae8 29. Ng5 Qh8 30. Qb4 Qf6 31. Nf3 a6 32. Qc5 Re5 33. Kg1 Rf5 34. Qc7 Qe6 35. Qg3 Qe3+ 36. Qf2 d4 37. Qxe3 dxe3 38. Re1 Kg7 39. Nd4 Rd5 40. Ne2 b4 41. Rc1 Red8 42. g3 Rd1+ 43. Kg2 Rxc1 44. Nxc1 Rd2+ 45. Kf3 Rxc2 46. Ne2 Rb2 47. Kxe3 Rxb3+ 48. Kd4 Rb2 0-1

[Event "Buenos Aires Najdorf Centenary op"]
[Site "Buenos Aires"]
[Date "2010.04.07"]
[Round "1"]
[White "Bustos, Cristian"]
[Black "Burgin, Dario"]
[Result "1-0"]
[WhiteElo "2187"]
[BlackElo "1806"]
[PlyCount "43"]
[EventDate "2010.04.04"]
[EventType "swiss"]
[EventRounds "9"]
[EventCountry "ARG"]
[SourceTitle "CBM 136 Extra"]
[Source "ChessBase"]
[SourceDate "2010.07.02"]
[SourceVersion "2"]
[SourceVersionDate "2010.07.15"]
[SourceQuality "1"]

1. e4 d5 2. exd5 Nf6 3. d4 Bg4 4. f3 Bf5 5. Bb5+ c6 6. dxc6 Qa5+ 7. Nc3 bxc6 8. Ba4 Nd5 9. Nge2 e6 10. 0-0 Bd6 11. Bd2 Qc7 12. g3 Nxc3 13. Bxc3 Bh3 14. Re1 h5 15. Qd2 Nd7 16. Ba5 Nb6 17. c4 Qb7 18. Bb3 0-0-0 19. Qe3 c5 20. dxc5 Qxf3 21. Qxf3 Bxc5+ 22. Kh1 1-0